Statistiques concernant La famille Madrigal par indice - Encanto

Cliquez ici pour prendre le quiz!

Statistiques générales

  • Ce quiz a été pris 226 fois
  • Le résultat moyen est 11 sur 13

Statistiques - réponses

IndicePersonnage% Correct
Ostracisé, a le pouvoir de voir l'avenirBruno
95%
Empathique, n'a pas de pouvoirMirabel
95%
Parfaite, a le pouvoir de faire pousser de la végétationIsabela
94%
Anxieuse, a une force herculéenneLuisa
93%
Sensible, a le pouvoir de contrôler le climatPepa
93%
Grand-mère, veille sur la chandelleAbuela Alma
91%
Aînée, a une ouïe surnaturelleDolores
87%
Cute, a le pouvoir de parler aux animauxAntonio
84%
Drôle, a le pouvoir de se métamorphoserCamilo
76%
Danseur souriant, calme sa femme quand c'est le momentFélix
75%
Mère, a le pouvoir de soigner avec les plats qu'elle cuisineJulieta
74%
Patriarche de la famille, mortAbuelo Pedro
68%
Père, très maladroitAugustín
68%

Distribution des résultats

Percentile par nombre de réponses

% des personnes avec chaque résultat

Votre développement - résultats

Vous n’avez pas pris ce quiz